Fungi : An advanced treatise V.2. The fungal organism (Record no. 347619)

MARC details
000 -LEADER
fixed length control field 003720000a22001570004500
060 ## - NATIONAL LIBRARY OF MEDICINE CALL NUMBER
Classification number 100
082 ## - DEWEY DECIMAL CLASSIFICATION NUMBER
Classification number 589.2 FUN.02
100 ## - MAIN ENTRY--PERSONAL NAME
Personal name Ainsworth, G C
100 ## - MAIN ENTRY--PERSONAL NAME
Personal name Susman, Alfred S
245 ## - TITLE STATEMENT
Title Fungi : An advanced treatise V.2. The fungal organism
260 ## - PUBLICATION, DISTRIBUTION, ETC. (IMPRINT)
Place of publication, distribution, etc. Newyork, Academic press
260 ## - PUBLICATION, DISTRIBUTION, ETC. (IMPRINT)
Date of publication, distribution, etc. 1966
300 ## - PHYSICAL DESCRIPTION
Extent 805
650 ## - SUBJECT ADDED ENTRY--TOPICAL TERM
Topical term or geographic name as entry element Fungi/ Mycology
942 ## - ADDED ENTRY ELEMENTS (KOHA)
Koha item type Books (General)
Holdings
Withdrawn status Lost status Source of classification or shelving scheme Damaged status Not for loan Collection code Home library Current library Shelving location Date acquired Total Checkouts Full call number Barcode Date last seen Price effective from Koha item type
    Dewey Decimal Classification     Reference Book College of Agriculture, Vellayani College of Agriculture, Vellayani Reference 02/05/2014   589.2 FUN.02 KAU_COAV-6797 02/05/2014 02/05/2014 Reference Book
Kerala Agricultural University Central Library
Thrissur-(Dt.), Kerala Pin:- 680656, India
Ph : (+91)(487) 2372219
E-mail: librarian@kau.in
Website: http://library.kau.in/